LEADER 01395nam a2200289 4500 001 000000363715 003 CaOOAMICUS 005 20250725103711.0 008 250725s2025 it 000 u mul r 020 $a979-1-255-24154-6 040 $aSeMil$bita 245 00$a3: Dopo la Grande Guerra /$ca cura di Alessandro Boccolini, Philippe Roy-Lysencourt, Matteo Sanfilippo, Péter Tusor. 264 1$aViterbo :$bSette città,$c2025. 300 $a205 p. ;$c21 cm 490 1 $aStudi di storia delle istituzioni ecclesiastiche ;$v12 700 1 $aBoccolini, Alessandro.$0(OLS)http://semarc/name/119889 700 1 $aRoy-Lysencourt, Philippe.$0(OLS)http://semarc/name/122480 700 1 $aTusor, Péter,$d<1967- >.$0(OLS)http://semarc/name/119890 700 1 $aSanfilippo, Matteo,$d<1956- >.$0(OLS)http://semarc/name/28016 773 0 $tCollegi per stranieri a/e Roma nell'Età moderna.$dViterbo : Sette città, 2023-$g1$w()358765 830 0$aStudi di storia delle istituzioni ecclesiastiche ;$v12.$0(OLS)http://semarc/title/449169 850 $aSeMil 852 $aSeMil$W1$xVenegono$y1$m3UA B 12$j260282$B254571$CSeMilBibl$Z2$F254571 $81 996 $6020$a979-1-255-24154-6$9(OLS)http://semarc/number/303742 996 $6245$a3: Dopo la Grande Guerra$9(OLS)http://semarc/title/455013 996 $6264$aViterbo :$bSette città$9(OLS)http://semarc/publisher/61814 LEADER 00857nam a2200205 i 4500 001 000000027159 003 CaOOAMICUS 005 20190502155256.0 008 180830s1982 it u000 u ita u 040 $aSeMil$bita 100 1 $aErickson, Milton H. <1901-1980>.$0(OLS)http://semarc/name/12339 245 10$aOpere /$cMilton H. Erickson ; a cura di Ernest L. Rossi. 260 $aRoma :$bAstrolabio,$c1982. 300 $av. ;$c21 cm. 700 1 $aLawrence Rossi, Ernest.$0(OLS)http://semarc/name/12340 774 0 $aErickson, Milton H. <1901-1980>$tNatura dell'ipnosi e della suggestione.$dRoma : Astrolabio, 1982.$kPsiche e coscienza$g1$w()214668 830 0$aPsiche e coscienza.$0(OLS)http://semarc/title/7985 996 $6245$aOpere$9(OLS)http://semarc/title/2208 996 $6260$aRoma :$bAstrolabio$9(OLS)http://semarc/publisher/31592